Countries Closest to Burundi - Statistics

General Stats
  • This quiz has been taken 1,794 times
  • The average score is 18 of 20
Answer Stats
km country miles % Correct
0 Dem Rep Congo 0
98%
0 Rwanda 0
98%
419 Kenya 260
96%
0 Tanzania 0
96%
95 Uganda 59
96%
1279 Congo 780
95%
977 Ethiopia 607
94%
1155 Somalia 718
94%
428 Zambia 266
94%
655 South Sudan 407
93%
864 Central African Republic 537
91%
977 Mozambique 607
91%
1246 Zimbabwe 774
91%
922 Angola 573
90%
1342 Sudan 834
90%
652 Malawi 405
89%
1560 Botswana 970
88%
1621 Chad 1007
87%
1547 Namibia 961
86%
1515 Cameroon 942
76%
No matching quizzes found
Score Distribution
Percent of People with Each Score
Percentile by Number Answered
Your Score History
You have not taken this quiz